| 000 | 00436nam a2200181Ia 4500 | ||
|---|---|---|---|
| 008 | 090122s9999 xx 000 0 und d | ||
| 082 |
_b646 _aD6 |
||
| 100 |
_aVladimlrov _bV |
||
| 245 | _aDies Moulds and Jigs | ||
| 260 |
_b"MIR PUBLICATION,S MOSCOW" _c1977 |
||
| 300 | _a468 | ||
| 501 | _a-- | ||
| 600 | _aVladimlrov | ||
| 630 | _aDies Moulds and Jigs | ||
| 700 | _aVladimlrov | ||
| 730 | _aDies Moulds and Jigs | ||
| 942 | _cBOOK | ||
| 999 |
_c24724 _d24724 |
||